000 00636nam a22001817a 4500
003 UA-OsUOA
001 13978
007 ta
008 20030708b un ||||| |||| 00| 0 ukr d
100 _aСівак М.
942 _cSA
040 _aUA-OsUOA
_cUA-OsUOA
_dUA-OsUOA
245 _aНезвичайна реальність: [Член Спілки худож. України , скульптор М.Сівак з Рівного розповідає про свою творчість ]
300 _aС.12
955 _a0
773 0 _w0
_tОго
_dРівне
_d2003
_g№89/22 трав./
650 7 _aКраєзнавча робота
_2UDC
999 _c300139
_d300139